00527nam a22001577a 450000500170000001000150001702000260003203500130005803700130007108200080008424501390009226000350023127000580026630000190032470000260034320131011120149.0 aENG-108043 c295.00a9789381130117 aEN-91576 bDBAD/PUB a921 aDivinity thy name is mother :ctranslated by Kolakaluri Sumakiranbintroduction to the life and literature of Prof. Kolakaluri Enoch / aDelhibYash Publicationsc2013 a1/10753, Subhash Park, Naveen ShahdarabDelhie110032 a79p.c22cm(Hb) aKolakaluri, Sumakiran